000 00287nam a2200109Ia 4500
008 200302s9999 xx 000 0 und d
100 _aEckhard Feddersen and Other
245 _aA Design Manual Living for the Elderly
260 _bBirkhauser Verlag Ag
260 _c2009
300 _a247 P.,
999 _c3071
_d3071